00721nam a2200181 a 4500008004100000050001300041100001900054245008200073260003900155350000900194650004400203700002000247700002100267710001500288995010000303999001700403952011900420120416s2003 ||||||||||||||||| || u aIBRD(02) aSherif, Khaled10aState-owned banks in the transition: origins, evolution, and policy responses aWashington, D.C.bWorld Bankc2003 a0.00 aTRANSITION ECONOMIES--BANKS AND BANKING aBorish, Michael aGross, Alexandra aWorld Bank D0.00FCBU-MAIN LIBRARY (Kitwe)H1I0.00M1UAVAILABLEWNov 26, 2007ZInternational Publications c58234d58234 00102lcc4070a001b001cInternational Publicationsd2022-11-30l0oIBRD(02)p52109r2022-11-30w2022-11-30y002